000 01059nam a2200205Ia 4500
003 OSt
005 20241029103353.0
007 ca aa aaaaa
008 201103s9999 xx 000 0 und d
040 _cSSBUL
041 _abur
082 _223
_a၂၉၄.၃၄၄၃ မ
_b၉၁၇၉ S-SAT
100 0 _aမဟာစည်ဆရာတော်ဘုရားကြီး။
245 1 0 _aတက္ကသိုလ်ဝိပဿနာတရားတော်နှင့်နောက်ဆက်တွဲဝိပဿနာဖြင့်ရောဂါပျောက်ကြောင်း သာဓကဝတ္ထုများ /
_cမဟာစည်ဆရာတော်ဘုရားကြီး။
260 _aရွှေဘို ၊
_bမဟာစည်သာသနာ့ရိပ်သာ၊
_c၁၉၇၇။
300 _aန၊ ၁၉၂ စာမျက်နှာ ၊
_c၁၈ စင်တီ။
500 _aS-SAT: Dr. Sai Aung Tun
650 _aဗုဒ္ဓဘာသာ
_xတရားတော်
_913507
942 _2ddc
_cBK1
999 _c16691
_d16691